| 000 | 05435nam a22005535i 4500 | ||
|---|---|---|---|
| 001 | 978-3-319-18075-5 | ||
| 003 | DE-He213 | ||
| 005 | 20200904110655.0 | ||
| 007 | cr nn 008mamaa | ||
| 008 | 150713s2015 gw | s |||| 0|eng d | ||
| 020 |
_a9783319180755 _9978-3-319-18075-5 |
||
| 024 | 7 |
_a10.1007/978-3-319-18075-5 _2doi |
|
| 050 | 4 | _aB108-5802 | |
| 072 | 7 |
_aHPC _2bicssc |
|
| 072 | 7 |
_aPHI009000 _2bisacsh |
|
| 072 | 7 |
_aQDH _2thema |
|
| 082 | 0 | 4 |
_a180-190 _223 |
| 100 | 1 |
_aJacquette, Dale. _eauthor. _4aut _4http://id.loc.gov/vocabulary/relators/aut |
|
| 245 | 1 | 0 |
_aAlexius Meinong, The Shepherd of Non-Being _h[electronic resource] / _cby Dale Jacquette. |
| 250 | _a1st ed. 2015. | ||
| 264 | 1 |
_aCham : _bSpringer International Publishing : _bImprint: Springer, _c2015. |
|
| 300 |
_aXXXII, 434 p. 24 illus. _bonline resource. |
||
| 336 |
_atext _btxt _2rdacontent |
||
| 337 |
_acomputer _bc _2rdamedia |
||
| 338 |
_aonline resource _bcr _2rdacarrier |
||
| 347 |
_atext file _bPDF _2rda |
||
| 490 | 1 |
_aSynthese Library, Studies in Epistemology, Logic, Methodology, and Philosophy of Science, _x0166-6991 ; _v360 |
|
| 505 | 0 | _aPreface (with Acknowledgments) -- Introduction: Meinong and Philosophical Analysis -- Chapter 1. Meinong’s Life and Philosophy -- Chapter 2. Origins of Gegenstandstheorie: Immanent and Transcendent Intended Objects in Brentano, Twardowski, and Meinong -- Chapter 3. Meinong on the Phenomenology of Assumption.- Chapter 4. Außersein of the Pure Object.- Chapter 5. Constitutive (Nuclear) and Extraconstitutive (Extranuclear) Properties.- Chapter 6. Meditations on Meinong’s Golden Mountain -- Chapter 7. Domain Comprehension in Meinongian Object Theory -- Chapter 8. Meinong’s Concept of Implexive Being and Non-Being.- Chapter 9. About Nothing.- Chapter 10. Tarski’s Quantificational Semantics and Meinongian Object Theory Domains -- Chapter 11. Reflections on Mally’s Heresy -- Chapter 12. Virtual Relations and Meinongian Abstractions -- Chapter 13. Truth and Fiction in Lewis’s Critique of Meinongian Semantics.- Chapter 14. Anti-Meinongian Actualist Meaning of Fiction in Kripke’s 1973 John Locke Lectures -- Chapter 15. Metaphysics of Meinongian Aesthetic Value -- Chapter 16. Quantum Indeterminacy and Physical Reality as a Relevantly Predicationally Incomplete Existent Entity.-Chapter 17. Confessions of a Meinongian Logician.- Chapter 18. Meinongian Dark Ages and Renaissance -- Appendix: Object Theory Logic and Mathematics — Two Essays by Ernst Mally (Translation and Critical Commentary) -- Notes -- References -- Index. | |
| 520 | _aThis book explores the thought of Alexius Meinong, a philosopher known for his unconventional theory of reference and predication. The chapters cover a natural progression of topics, beginning with the origins of Gegenstandstheorie, Meinong’s theory of objects, and his discovery of assumptions as a fourth category of mental states to supplement his teacher Franz Brentano’s references to presentations, feelings, and judgments. The chapters explore further the meaning and metaphysics of fictional and other nonexistent intended objects, fine points in Meinongian object theory are considered and new and previously unanticipated problems are addressed. The author traces being and non-being, and aspects of beingless objects including objects in fiction, ideal objects in scientific theory, objects ostensibly referred to in false science and false history, and intentional imaginative projection of future states of affairs. The chapters focus on an essential choice of conceptual, logical, semantic, ontic and more generally metaphysical problems, and an argument is progressively developed from the first to the final chapter, as key ideas are introduced and refined. Meinong studies have come a long way from Bertrand Russell’s off-target criticisms, and recent times have seen a rise of interest in a Meinongian approach to logic and the theory of meaning. New thinkers see Meinong as a bridge figure between analytic and continental thought, thanks to the need for an adequate semantics of meaning in philosophy of language and philosophy of mind, making this book a particularly timely publication. | ||
| 650 | 0 | _aPhilosophy. | |
| 650 | 0 | _aMetaphysics. | |
| 650 | 0 | _aOntology. | |
| 650 | 0 | _aPhenomenology . | |
| 650 | 0 | _aPhilosophy of mind. | |
| 650 | 1 | 4 |
_aHistory of Philosophy. _0https://scigraph.springernature.com/ontologies/product-market-codes/E15000 |
| 650 | 2 | 4 |
_aMetaphysics. _0https://scigraph.springernature.com/ontologies/product-market-codes/E18000 |
| 650 | 2 | 4 |
_aOntology. _0https://scigraph.springernature.com/ontologies/product-market-codes/E22000 |
| 650 | 2 | 4 |
_aPhenomenology. _0https://scigraph.springernature.com/ontologies/product-market-codes/E44070 |
| 650 | 2 | 4 |
_aPhilosophy of Mind. _0https://scigraph.springernature.com/ontologies/product-market-codes/E31000 |
| 710 | 2 | _aSpringerLink (Online service) | |
| 773 | 0 | _tSpringer Nature eBook | |
| 776 | 0 | 8 |
_iPrinted edition: _z9783319180762 |
| 776 | 0 | 8 |
_iPrinted edition: _z9783319180748 |
| 776 | 0 | 8 |
_iPrinted edition: _z9783319354958 |
| 830 | 0 |
_aSynthese Library, Studies in Epistemology, Logic, Methodology, and Philosophy of Science, _x0166-6991 ; _v360 |
|
| 856 | 4 | 0 | _uhttps://doi.org/10.1007/978-3-319-18075-5 |
| 912 | _aZDB-2-SHU | ||
| 999 |
_c462927 _d462927 |
||